Alphabetical South America Quiz Stats

 Plays Quiz Updated Jan 24, 2019

Support Sporcle.
Go Orange.
Score 0/12 Timer 01:30
2 Plays Today
Country % Correct
???
100%
???
93.6%
???
90.6%
???
87.7%
???
83.6%
???
79.1%
???
71.5%
???
65.7%
???
61.4%
???
55.7%
???
52.5%
???
50.1%

You're not logged in!

Compare scores with friends on all Sporcle quizzes.
OR
Log In

From the Vault

MLB Gold Glove Winners

by Ben

This award would be a lot harder to win if you actually had to use a gold glove.
Remove Ads.
Support Sporcle.
Get the best of Sporcle when you Go Orange. This ad-free experience offers more features, more stats, and more fun while also helping to support Sporcle. Thank you for becoming a member.

Show Comments

Extras

Top Quizzes Today


Score Distribution

Your Account Isn't Verified!

In order to create a playlist on Sporcle, you need to verify the email address you used during registration. Go to your Sporcle Settings to finish the process.

Report this User

Report this user for behavior that violates our Community Guidelines.

Details: